000 00451nam a2200181Ia 4500
001 20664
005 20260306172822.0
008 260306t2016||||xx |||||||||||||| ||spa||
041 _aESP
082 _a343.6
_bG98
100 _aGuzmán Napurí, Christian
_eAUT
245 0 _aManual del procedimiento administrativo general
260 _c2016
300 _a709 páginas :
_c24 cm.
650 _aGEN
654 _aCDE
942 _cLIB
_dJUS
_fJUS
_2ddc
_n
999 _c20664
_d20664